[Event "NK Senioren en Veteranen 2019"]
[Site "Dieren, Netherlands"]
[Date "2019.07.15"]
[Round "3"]
[White "De Graaf, Dick"]
[Black "Gielen, Wim"]
[Result "0-1"]
[WhiteElo "2103"]
[BlackElo "1955"]
[PlyCount "86"]
[EventDate "2019.??.??"]

1. e4 c5 2. Nf3 e6 3. d4 cxd4 4. Nxd4 a6 5. Nc3 Qc7 6. Be3 Bb4 7. Qd2 Nf6 8.
Bd3 d5 9. f3 e5 10. Nde2 d4 11. Nxd4 exd4 12. Bxd4 Nbd7 13. a3 Bd6 14. g3 Be5
15. Be3 O-O 16. O-O Bxc3 17. bxc3 Ne5 18. Bd4 Bh3 19. Qf4 Rfe8 20. Rf2 Bd7 21.
Rb1 Bc6 22. Bf1 Qe7 23. a4 Ng6 24. Qg5 Nd7 25. Qc1 Nde5 26. a5 Nf8 27. h3 Rac8
28. f4 Ned7 29. e5 Ne6 30. Be3 Nec5 31. Bd3 Ne4 32. Bxe4 Bxe4 33. Bd4 Qe6 34.
Qe3 Bc6 35. Kh2 Qd5 36. Re1 Nf6 37. f5 Ne4 38. Rfe2 Nd6 39. Qf4 Nc4 40. g4 Qf3
41. Qg5 f6 42. Qh4 Nxe5 43. Qh5 Qf4+ 0-1

[Event "NK Senioren en Veteranen 2019"]
[Site "Dieren, Netherlands"]
[Date "2019.07.15"]
[Round "3"]
[White "Huysman, Arie"]
[Black "Houweling, Bert"]
[Result "1-0"]
[WhiteElo "1964"]
[BlackElo "2047"]
[PlyCount "66"]
[EventDate "2019.??.??"]

1. e4 c5 2. Nf3 Nc6 3. d4 cxd4 4. Nxd4 e5 5. Nb5 d6 6. N1c3 a6 7. Na3 Be7 8.
Nd5 Nf6 9. Nxf6+ Bxf6 10. Nc4 Be7 11. Be3 O-O 12. Bb6 Qd7 13. Qd2 Qg4 14. f3
Qg6 15. O-O-O Be6 16. Kb1 Rac8 17. b3 h6 18. g4 Bg5 19. Be3 d5 20. exd5 Bxd5
21. Bd3 Qf6 22. Bxg5 hxg5 23. Bh7+ Kxh7 24. Qxd5 b5 25. Nd6 Rc7 26. Ne4 Qf4 
27. h4 Nd4 28. hxg5+ Kg8 29. Rh3 Nxc2 30. Qd6 Qe3 31. Qxc7 Na3+ 32. Kb2 b4 33.
Qc1 Qb6 1-0

[Event "NK Senioren en Veteranen 2019"]
[Site "Dieren, Netherlands"]
[Date "2019.07.15"]
[Round "3"]
[White "Etmans, Maarten"]
[Black "Van Wageningen, Arie"]
[Result "0-1"]
[WhiteElo "2032"]
[BlackElo "2015"]
[PlyCount "130"]
[EventDate "2019.??.??"]

1. e4 e6 2. d4 d5 3. Nc3 Nf6 4. exd5 exd5 5. Bd3 Be7 6. h3 O-O 7. Nf3 Re8 8.
O-O Nbd7 9. Bf4 a6 10. Re1 c5 11. dxc5 Nxc5 12. Nd4 Qb6 13. Rb1 Nxd3 14. Qxd3
Bd7 15. Nb3 Rad8 16. Rbd1 Bc6 17. Be3 Qc7 18. Nd4 Bd7 19. Bg5 Qc5 20. Qf3 h6
21. Be3 Qc4 22. Rd3 Qc8 23. Red1 Bc6 24. Qf5 Bd7 25. Qf3 Be6 26. Nce2 Ne4 27.
Ng3 Bf6 28. c3 Nxg3 29. Qxg3 Kh8 30. Nb3 Be7 31. Bd4 f6 32. Re3 Bd6 33. Qf3 Bf5
34. Rxe8+ Rxe8 35. Qxd5 Rd8 36. Bb6 Bh2+ 37. Kxh2 Rxd5 38. Rxd5 Qc6 39. Rxf5
Qxb6 40. g3 Qe6 41. Nd4 Qxa2 42. b3 Qb2 43. Rf3 b5 44. b4 Qa2 45. Kg1 Qc4 46.
Re3 Qc8 47. Kh2 Kg8 48. Kg2 Kf7 49. Kh2 g6 50. Kg2 Qc4 51. h4 h5 52. Kg1 Qa2
53. Nc6 Qd5 54. Na5 g5 55. hxg5 fxg5 56. Kh2 Kf6 57. g4 h4 58. Kg1 Qd1+ 59. Kh2
Qxg4 60. Nb3 Qf4+ 61. Kg1 g4 62. Nd4 Kf7 63. Ne2 Qf5 64. Nd4 Qb1+ 65. Kg2 h3+
0-1

[Event "NK Senioren en Veteranen 2019"]
[Site "Dieren, Netherlands"]
[Date "2019.07.15"]
[Round "3"]
[White "Jonkman, Fokke"]
[Black "Sprinkhuizen, Arno"]
[Result "1-0"]
[WhiteElo "1924"]
[BlackElo "1988"]
[PlyCount "97"]
[EventDate "2019.??.??"]

1. c4 c5 2. Nf3 Nc6 3. Nc3 g6 4. d4 cxd4 5. Nxd4 Bg7 6. Nc2 Nf6 7. e4 O-O 8.
Be2 d6 9. O-O Be6 10. Ne3 Rc8 11. Bd2 Nd4 12. Bd3 Nd7 13. Ncd5 Ne5 14. Bc3 Nxd3
15. Qxd3 Nc6 16. Bxg7 Kxg7 17. f4 f5 18. exf5 Bxf5 19. Nxf5+ Rxf5 20. Ne3 Rf7
21. Rad1 Qb6 22. Qc3+ Kg8 23. Kh1 Qb4 24. Qc2 Qc5 25. Qc3 Qa5 26. Qb3 b6 27.
Rd5 Qb4 28. Qc2 Na5 29. b3 Rc5 30. Rdd1 Rh5 31. Qe2 Qc5 32. Nd5 Kf8 33. Qb2 Kg8
34. f5 Rhxf5 35. Rxf5 gxf5 36. b4 Nxc4 37. Qe2 Qc8 38. Nxe7+ Rxe7 39. Qxe7 f4
40. Qg5+ Kh8 41. Qf6+ Kg8 42. Qxf4 b5 43. h4 Qe6 44. Qg5+ Kh8 45. Rf1 h6 46.
Qxb5 Ne3 47. Qb8+ Kh7 48. Qxa7+ Kg6 49. Re1 1-0

[Event "NK Senioren en Veteranen 2019"]
[Site "Dieren, Netherlands"]
[Date "2019.07.16"]
[Round "4"]
[White "Van Lanen, Toon"]
[Black "Van Rijn, Anton"]
[Result "1/2-1/2"]
[WhiteElo "2165"]
[BlackElo "2205"]
[PlyCount "85"]
[EventDate "2019.??.??"]

1. e4 d6 2. d4 Nf6 3. Nc3 g6 4. Bg5 h6 5. Bxf6 exf6 6. Bd3 Bg7 7. Nge2 Nc6 8.
Qd2 Ne7 9. O-O-O f5 10. exf5 Bxf5 11. Rhe1 O-O 12. Qf4 Qd7 13. Bxf5 Qxf5 14. g4
Qxf4+ 15. Nxf4 Nc6 16. Nce2 Rae8 17. c3 Ne7 18. Kc2 Nc8 19. Ng3 c6 20. h4 d5
21. h5 g5 22. Ng2 Nd6 23. Ne3 Kh7 24. Nef5 Nc8 25. Kd3 Bf6 26. a4 Bd8 27. b3
Bc7 28. Ne2 Re6 29. Neg3 Bf4 30. Re2 Bxg3 31. Nxg3 Rxe2 32. Kxe2 Nd6 33. Re1
Re8+ 34. Kd2 Rxe1 35. Kxe1 f5 36. f3 Kg7 37. Kd2 f4 38. Nf1 Kf6 39. Kd3 Ke6 40.
Nd2 b6 41. c4 Nb7 42. Kc3 Kd6 43. cxd5 1/2-1/2

[Event "NK Senioren en Veteranen 2019"]
[Site "Dieren, Netherlands"]
[Date "2019.07.16"]
[Round "4"]
[White "Homs, Guust"]
[Black "Goris, Ton"]
[Result "1-0"]
[WhiteElo "2203"]
[BlackElo "1903"]
[PlyCount "97"]
[EventDate "2019.??.??"]

1. e4 e6 2. d4 d5 3. Nc3 dxe4 4. Nxe4 Bd7 5. Nf3 Bc6 6. Bd3 Nd7 7. O-O Ngf6 8.
Nxf6+ Qxf6 9. Be2 h6 10. c3 Be7 11. Qc2 O-O 12. Be3 Rfe8 13. Rad1 Bxf3 14. Bxf3
c6 15. Be4 Bd6 16. g3 Qe7 17. c4 Rad8 18. a3 Nf6 19. Bf3 Qc7 20. Rfe1 Qc8 21.
b4 a6 22. Qb3 e5 23. dxe5 Bxe5 24. a4 Qf5 25. Bb6 Rxd1 26. Rxd1 Nd7 27. Ba7 Bf6
28. Bg2 Ne5 29. b5 axb5 30. cxb5 Qe6 31. Qxe6 Rxe6 32. f4 Nc4 33. bxc6 bxc6 34.
Rc1 Na5 35. Bb6 Nb3 36. Rd1 c5 37. a5 Bd4+ 38. Kf1 Na1 39. Re1 Rxe1+ 40. Kxe1
Nc2+ 41. Kd2 Ne3 42. Ke2 Nc4 43. Bc7 Na3 44. Kd3 Bf2 45. Bb6 Nb5 46. Kc4 Nd6+
47. Kd5 Nf5 48. Bxc5 Ne3+ 49. Kc6 1-0

[Event "NK Senioren en Veteranen 2019"]
[Site "Dieren, Netherlands"]
[Date "2019.07.16"]
[Round "4"]
[White "Hummel, Joop"]
[WhiteElo "1989"]
[Black "Vogel, Jaap"]
[BlackElo "2119"]
[Result "1-0"]

1. Nf3 e6 2. d3 d5 3. g3 g6 4. Bg2 Bg7 5. O-O c5 6. c4 Nc6 7. cxd5 exd5 8. Nc3
Nge7 9. Bd2 O-O 10. Rc1 b6 11. a3 Bb7 12. Qa4 a6 13. Bg5 h6 14. Bd2 b5 15. Qh4
Nf5 16. Qh3 Ncd4 17. Nxd4 Nxd4 18. Bxh6 b4 19. Bxg7 Kxg7 20. axb4 cxb4 21. Qg4
Qb6 22. Nxd5 Bxd5 23. Bxd5 f5 24. Rc7+ 1-0

[Event "NK Senioren en Veteranen 2019"]
[Site "Dieren, Netherlands"]
[Date "2019.07.16"]
[Round "4"]
[White "Schouten, Nico"]
[Black "Huysman, Arie"]
[Result "1/2-1/2"]
[WhiteElo "2103"]
[BlackElo "1964"]
[PlyCount "196"]
[EventDate "2019.??.??"]

1. d4 Nf6 2. c4 e6 3. Nc3 d5 4. Nf3 Be7 5. e3 O-O 6. Be2 dxc4 7. O-O c5 8. Bxc4
a6 9. b3 b5 10. Be2 Bb7 11. Bb2 Nbd7 12. Rc1 Qb6 13. Qc2 Rac8 14. Qb1 Rfd8 15.
Rfd1 Qa7 16. Qa1 Qa8 17. Nb1 cxd4 18. Bxd4 Rxc1 19. Rxc1 Rc8 20. Nbd2 Rxc1+ 21.
Qxc1 Bd6 22. a4 bxa4 23. Nc4 Qc8 24. Qa1 Bc5 25. bxa4 Bxd4 26. Nxd4 Qc7 27. Qa3
Nc5 28. h3 h6 29. a5 Nd5 30. Nd2 e5 31. Nf5 Bc8 32. Ng3 Be6 33. Nge4 Nb7 34.
Bxa6 Qxa5 35. Qxa5 Nxa5 36. Nc5 Nb4 37. Bb5 Bd5 38. Nd7 f6 39. Nb6 Be6 40. Ne4
Kf8 41. g4 Ke7 42. Kh2 Nd5 43. Nxd5+ Bxd5 44. Ng3 Kf7 45. h4 Bf3 46. Kh3 Kf8
47. Bd3 Nb3 48. Nf5 Nc5 49. Bc2 Be4 50. Bxe4 Nxe4 51. Kg2 Nd2 52. f3 Kf7 53.
Kf2 e4 54. f4 Nc4 55. Ke2 Kf8 56. h5 Kf7 57. Ng3 Nd6 58. f5 Ke8 59. Kf2 Kd7 60.
Ne2 Kc6 61. Nf4 Ne8 62. Ne6 Kd6 63. Ke2 Ke5 64. Kd2 Kd5 65. Kc3 Ke5 66. Kc4 Kd6
67. Kd4 Ke7 68. Kxe4 Kd6 69. Kd4 Kc6 70. Kc4 Nd6+ 71. Kd3 Ne8 72. Kd4 Kd6 73.
e4 Ke7 74. Kd5 Kd7 75. Kc5 Ke7 76. Kc6 Nd6 77. Kd5 Ne8 78. Nf4 Kd7 79. Nd3 Ke7
80. Kc6 Nd6 81. Nc5 Nf7 82. Nd3 Ng5 83. Kd5 Nf3 84. e5 fxe5 85. Ke4 Nh2 86.
Nxe5 Nf1 87. Kf4 Nd2 88. g5 hxg5+ 89. Kxg5 Kf8 90. Kg6 Ne4 91. Nf3 Kg8 92. Nd4
Nd6 93. Ne6 Ne8 94. Ng5 Nd6 95. f6 gxf6 96. Kxf6 Nc8 97. h6 Kh8 98. h7 Ne7
1/2-1/2

[Event "NK Senioren en Veteranen 2019"]
[Site "Dieren, Netherlands"]
[Date "2019.07.16"]
[Round "4"]
[White "Gielen, Wim"]
[Black "Smeets, Pierre"]
[Result "1/2-1/2"]
[WhiteElo "1955"]
[BlackElo "1998"]
[PlyCount "36"]
[EventDate "2019.??.??"]

1. f4 Nf6 2. Nf3 g6 3. e3 Bg7 4. Be2 d6 5. O-O O-O 6. Nc3 c5 7. d3 Nc6 8. e4
Bg4 9. Nh4 Qd7 10. h3 Bxe2 11. Nxe2 e6 12. Be3 Qe7 13. Nf3 d5 14. e5 Nd7 15.
Bf2 f6 16. Bh4 Qf7 17. exf6 Bxf6 18. Bxf6 Qxf6 1/2-1/2

[Event "NK Senioren en Veteranen 2019"]
[Site "Dieren, Netherlands"]
[Date "2019.07.16"]
[Round "4"]
[White "Van Dorp, Folke"]
[Black "Boersma, Jan"]
[Result "0-1"]
[WhiteElo "2102"]
[BlackElo "2051"]
[PlyCount "64"]
[EventDate "2019.??.??"]

1. e4 c5 2. Nc3 g6 3. g3 Bg7 4. Bg2 Nc6 5. d3 d6 6. Nge2 h5 7. h3 Bd7 8. Be3
Nd4 9. Qd2 Qa5 10. O-O Bxh3 11. Bxd4 cxd4 12. Bxh3 dxc3 13. Nxc3 Nf6 14. Rae1
g5 15. e5 dxe5 16. Qxg5 Bh6 17. Qxe5 Qxe5 18. Rxe5 e6 19. Bg2 h4 20. Ne2 O-O-O
21. Rb5 b6 22. gxh4 Rdg8 23. Ng3 Bf4 24. h5 Rxg3 25. fxg3 Be3+ 26. Kh2 Ng4+ 27.
Kh3 f5 28. Bc6 Rxh5+ 29. Kg2 Rh2+ 30. Kf3 Rxc2 31. Be8 Bg5 32. Bh5 Nh2# 0-1

[Event "NK Senioren en Veteranen 2019"]
[Site "Dieren, Netherlands"]
[Date "2019.07.16"]
[Round "4"]
[White "Van Wageningen, Arie"]
[Black "Jonkman, Fokke"]
[Result "1/2-1/2"]
[WhiteElo "2015"]
[BlackElo "1924"]
[PlyCount "90"]
[EventDate "2019.??.??"]

1. Nf3 c5 2. c4 g6 3. Nc3 Bg7 4. e3 e6 5. d4 Ne7 6. Be2 O-O 7. O-O b6 8. Bd2
Bb7 9. dxc5 bxc5 10. Qc2 d6 11. Rad1 Nd7 12. Nb5 Nf6 13. Bc3 Ne4 14. Bxg7 Kxg7
15. Bd3 Nf6 16. Nd2 a6 17. Na3 Qc7 18. Qc3 e5 19. e4 Nc6 20. Nc2 a5 21. Ne3 Nd4
22. Rde1 a4 23. Nd5 Nxd5 24. exd5 f5 25. Bb1 Qf7 26. Kh1 Qf6 27. f3 h5 28. Rf2
h4 29. h3 Bc8 30. Nf1 Bd7 31. Qd2 f4 32. Be4 Nf5 33. Bxf5 gxf5 34. Qc3 Kh7 35.
Rfe2 Rf7 36. Ra1 Rg7 37. b3 Bc8 38. Rb1 axb3 39. Rxb3 Rga7 40. Qa1 Ra4 41. Rc2
Qd8 42. Nd2 Kg6 43. Qb1 Kg5 44. Rcb2 Qc7 45. Rc3 Qa5 1/2-1/2

[Event "NK Senioren en Veteranen 2019"]
[Site "Dieren, Netherlands"]
[Date "2019.07.16"]
[Round "4"]
[White "Bloemhard, Rudy"]
[Black "Van den Berg, Ad"]
[Result "1/2-1/2"]
[WhiteElo "2067"]
[BlackElo "2170"]
[PlyCount "74"]
[EventDate "2019.??.??"]

1. Nf3 c5 2. c4 g6 3. d4 cxd4 4. Nxd4 Bg7 5. e4 Nc6 6. Be3 Nf6 7. Nc3 Ng4 8.
Qxg4 Nxd4 9. Qd1 Ne6 10. Rc1 d6 11. f4 Bd7 12. Bd3 Bc6 13. O-O a5 14. f5 Nc5
15. Nd5 Bxb2 16. Bb1 e6 17. fxe6 Nxe6 18. Qf3 O-O 19. Rcd1 Be5 20. Bh6 Qh4 21.
Bf4 Bxd5 22. Bxe5 dxe5 23. exd5 Nd4 24. Qf6 Ne2+ 25. Kh1 Qxf6 26. Rxf6 Nc3 27.
Rc1 Nxb1 28. Rxb1 Rac8 29. h3 Kg7 30. Rfb6 Rxc4 31. Rxb7 Rd4 32. R1b5 e4 33.
Rxa5 Re8 34. Raa7 Rd1+ 35. Kh2 Rf1 36. Re7 Rxe7 37. Rxe7 Rd1 1/2-1/2

[Event "NK Senioren en Veteranen 2019"]
[Site "Dieren, Netherlands"]
[Date "2019.07.16"]
[Round "4"]
[White "Etmans, Maarten"]
[Black "Perrenet, Jacob"]
[Result "1-0"]
[WhiteElo "2032"]
[BlackElo "2002"]
[PlyCount "65"]
[EventDate "2019.??.??"]

1. d4 Nc6 2. Nf3 d5 3. Bf4 Nf6 4. e3 Bg4 5. Be2 e6 6. O-O Bd6 7. Bxd6 cxd6 8.
c4 O-O 9. cxd5 Nxd5 10. Qd2 f5 11. Nc3 Nf6 12. d5 Ne4 13. Nxe4 fxe4 14. Nd4 Ne5
15. Bxg4 Nxg4 16. h3 Ne5 17. Nxe6 Qh4 18. f4 exf3 19. Nxf8 Rxf8 20. Qf2 Qg5 21.
Kh2 Rf6 22. Rac1 h5 23. Rc3 Rh6 24. gxf3 Nf7 25. e4 Qf4+ 26. Qg3 Qf6 27. Rg1
Ne5 28. f4 Ng4+ 29. hxg4 hxg4+ 30. Kg2 Qg6 31. f5 Qg5 32. Kf1 Rh3 33. Qxg4 1-0

[Event "NK Senioren en Veteranen 2019"]
[Site "Dieren, Netherlands"]
[Date "2019.07.17"]
[Round "5"]
[White "Van Rijn, Anton"]
[Black "Hummel, Joop"]
[Result "1-0"]
[WhiteElo "2205"]
[BlackElo "1989"]
[PlyCount "41"]
[EventDate "2019.??.??"]

1. d4 Nf6 2. c4 g6 3. Nc3 Bg7 4. e4 d6 5. Nf3 O-O 6. Be2 e5 7. Be3 exd4 8. Nxd4
Re8 9. f3 c6 10. Bf2 Nbd7 11. O-O a5 12. Qd2 a4 13. Rad1 Nb6 14. Rfe1 d5 15.
exd5 cxd5 16. c5 Nc4 17. Qc1 Qa5 18. Nxd5 Nxd5 19. Bxc4 Be6 20. Nxe6 fxe6 21.
Rxe6 1-0

[Event "NK Senioren en Veteranen 2019"]
[Site "Dieren, Netherlands"]
[Date "2019.07.17"]
[Round "5"]
[White "Van Lanen, Toon"]
[Black "Homs, Guust"]
[Result "1/2-1/2"]
[WhiteElo "2165"]
[BlackElo "2203"]
[PlyCount "45"]
[EventDate "2019.??.??"]

1. e4 e5 2. Nf3 Nc6 3. d4 exd4 4. Nxd4 Nf6 5. Nxc6 bxc6 6. e5 Qe7 7. Qe2 Nd5 8.
c4 Ba6 9. b3 g6 10. f4 Bg7 11. Qf2 Nb6 12. c5 Bxf1 13. cxb6 Ba6 14. bxc7 d6 15.
Ba3 c5 16. Qf3 O-O 17. Qc6 Bxe5 18. fxe5 Qxe5+ 19. Kd2 Qe2+ 20. Kc1 Qe3+ 21.
Kb2 Qd4+ 22. Kc1 Qe3+ 23. Kb2 1/2-1/2

[Event "NK Senioren en Veteranen 2019"]
[Site "Dieren, Netherlands"]
[Date "2019.07.17"]
[Round "5"]
[White "Boersma, Jan"]
[Black "Schouten, Nico"]
[Result "1/2-1/2"]
[WhiteElo "2051"]
[BlackElo "2103"]
[PlyCount "55"]
[EventDate "2019.??.??"]

1. e4 e5 2. Nc3 d6 3. f4 exf4 4. Nf3 Nf6 5. Bc4 Bg4 6. O-O Be7 7. d4 O-O 8.
Bxf4 c6 9. h3 Bh5 10. Qd2 d5 11. exd5 cxd5 12. Bd3 Nc6 13. g4 Bg6 14. Bxg6 hxg6
15. Rae1 Rc8 16. g5 Nh5 17. Bh2 Bd6 18. Nd1 Bg3 19. Re2 Qd6 20. Rg2 Bxh2+ 21.
Nxh2 Rce8 22. Ng4 Re4 23. c3 Nf4 24. Rh2 Rfe8 25. Nde3 Nh5 26. Rg2 R8e6 27. Rf3
Qe7 28. Nxd5 1/2-1/2

[Event "NK Senioren en Veteranen 2019"]
[Site "Dieren, Netherlands"]
[Date "2019.07.17"]
[Round "5"]
[White "Huysman, Arie"]
[Black "Gielen, Wim"]
[Result "1/2-1/2"]
[WhiteElo "1964"]
[BlackElo "1955"]
[PlyCount "51"]
[EventDate "2019.??.??"]

1. e4 c5 2. Nf3 e6 3. d4 cxd4 4. Nxd4 a6 5. Nc3 Qc7 6. Qd3 Nf6 7. Qg3 d6 8. Be2
Nc6 9. Nxc6 bxc6 10. f4 e5 11. O-O Rb8 12. Rb1 h5 13. h3 h4 14. Qf2 Be7 15.
fxe5 dxe5 16. Be3 Be6 17. Bxa6 Qa5 18. Be2 Bxa2 19. Nxa2 Qxa2 20. Qf5 Qa5 21.
Bd4 Rd8 22. Qxe5 Qxe5 23. Bxe5 Bc5+ 24. Kh2 Nxe4 25. Rbd1 f6 26. Bf4 1/2-1/2

[Event "NK Senioren en Veteranen 2019"]
[Site "Dieren, Netherlands"]
[Date "2019.07.17"]
[Round "5"]
[White "Smeets, Pierre"]
[Black "Van Dorp, Folke"]
[Result "1/2-1/2"]
[WhiteElo "1998"]
[BlackElo "2102"]
[PlyCount "47"]
[EventDate "2019.??.??"]

1. Nf3 Nf6 2. c4 g6 3. g3 Bg7 4. Bg2 O-O 5. O-O d6 6. Nc3 Nc6 7. d4 a6 8. Bf4
Nh5 9. Be3 Bd7 10. Qd2 f5 11. d5 Ne5 12. Nxe5 dxe5 13. Bh6 f4 14. Bxg7 Nxg7 15.
Ne4 Bf5 16. Qc3 Bxe4 17. Bxe4 Qd6 18. c5 Qf6 19. Rad1 Rad8 20. Rd3 Nh5 21. Bf3
e4 22. Bxe4 Qg5 23. Bg2 Rf5 24. Qd2 1/2-1/2

[Event "NK Senioren en Veteranen 2019"]
[Site "Dieren, Netherlands"]
[Date "2019.07.17"]
[Round "5"]
[White "Vogel, Jaap"]
[Black "Jonkman, Fokke"]
[Result "1/2-1/2"]
[WhiteElo "2119"]
[BlackElo "1924"]
[PlyCount "48"]
[EventDate "2019.??.??"]

1. d4 c5 2. d5 g6 3. e4 Bg7 4. Nf3 d6 5. Be2 e6 6. Nc3 exd5 7. Nxd5 Nc6 8. O-O
Nf6 9. Re1 O-O 10. Bg5 Re8 11. Bc4 Be6 12. c3 Bxd5 13. Bxd5 Qc7 14. Bxf6 Bxf6
15. a4 Re7 16. Nd2 Ne5 17. Nc4 Nxc4 18. Bxc4 Rd8 19. g3 Bg7 20. Bd5 Kh8 21. Qd2
h5 22. Kg2 Kh7 23. f4 Bh6 24. Qf2 Rde8 1/2-1/2

[Event "NK Senioren en Veteranen 2019"]
[Site "Dieren, Netherlands"]
[Date "2019.07.17"]
[Round "5"]
[White "Houweling, Bert"]
[Black "Van Wageningen, Arie"]
[Result "1-0"]
[WhiteElo "2047"]
[BlackElo "2015"]
[PlyCount "117"]
[EventDate "2019.??.??"]

1. e4 e6 2. d4 d5 3. Nd2 c5 4. Ngf3 cxd4 5. exd5 Qxd5 6. Bc4 Qd6 7. O-O Nf6 8.
Nb3 Nc6 9. Nbxd4 Nxd4 10. Nxd4 Be7 11. c3 O-O 12. Qf3 Rd8 13. Bb3 a6 14. Rd1
Qc7 15. Bg5 Nd5 16. Bxe7 Qxe7 17. Re1 Qc7 18. Bxd5 exd5 19. Qxd5 h6 20. Qf3 Rb8
21. h3 Rf8 22. Rad1 b5 23. Qc6 Qa7 24. Qf3 Bb7 25. Qg3 Qb6 26. Nf5 Qf6 27. Re5
Rbd8 28. Rxd8 Rxd8 29. Nd4 Bd5 30. a3 Kh7 31. Qd3+ g6 32. Qe3 Rd6 33. f3 Bc4
34. Re8 Qg5 35. Qxg5 (35. f4) 35... hxg5 36. Kf2 Kg7 37. Rc8 Bd5 38. Ke3 f5 39.
g3 Kf6 40. b3 Rd7 41. c4 Bb7 42. Rf8+ Ke7 43. Rb8 bxc4 44. bxc4 f4+ 45. gxf4
gxf4+ 46. Kd3 Bxf3 47. Rb6 Bh5 48. Rxa6 f3 49. Ke3 Rxd4 50. Ra7+ Kf6 51. Ra6+
Kg5 52. h4+ Kxh4 (52... Kf5 53. Kxd4 f2 54. Ra8 Bf3 $1 $18) 53. Kxd4 f2 54. Rf6
Kg3 55. Ke3 g5 56. Rxf2 Bd1 57. c5 Ba4 58. Rf6 g4 59. c6 1-0

[Event "NK Senioren en Veteranen 2019"]
[Site "Dieren, Netherlands"]
[Date "2019.07.17"]
[Round "5"]
[White "Goris, Ton"]
[Black "Bloemhard, Rudy"]
[Result "0-1"]
[WhiteElo "1903"]
[BlackElo "2067"]
[PlyCount "148"]
[EventDate "2019.??.??"]

1. e4 c5 2. c3 Nf6 3. e5 Nd5 4. Nf3 g6 5. d4 cxd4 6. cxd4 Bg7 7. Bc4 Nb6 8. Bb3
d5 9. h3 Nc6 10. Nc3 O-O 11. O-O Bf5 12. Re1 Na5 13. Bc2 Bxc2 14. Qxc2 Rc8 15.
b3 Qd7 16. Bd2 Nc6 17. Rac1 a6 18. Qb1 f6 19. exf6 Rxf6 20. Ne5 Nxe5 21. dxe5
Rf5 22. f4 e6 23. Ne2 Rff8 24. Nd4 Rxc1 25. Rxc1 Qf7 26. Be3 Rc8 27. Nf3 Rxc1+
28. Qxc1 Nd7 29. Qc8+ Nf8 30. Ng5 Qf5 31. Bc5 Qxf4 32. Bxf8 Qe3+ 33. Kf1 Qd3+
34. Ke1 Qb1+ 35. Ke2 Qxa2+ 36. Ke1 Qa1+ 37. Kf2 Qd4+ 38. Kf1 Qf4+ 39. Nf3 Qxf8
40. Qxe6+ Qf7 41. Qc8+ Bf8 42. e6 Qe7 43. Ke2 a5 44. Kd3 h6 45. Ne5 Kh7 46. Qd7
Kg7 47. Kd4 Kf6 48. Ng4+ Kg7 49. Kxd5 b5 50. Ne5 Kf6 51. Qxe7+ Bxe7 52. Nd7+
Kf5 53. Ne5 a4 54. bxa4 bxa4 55. Nc6 Kf6 56. Nd4 a3 57. Nc2 a2 58. Kc4 Kxe6 59.
Kb3 Ke5 60. Kxa2 Kf4 61. Kb3 Kg3 62. Ne1 Bd6 63. Kc4 Kf2 64. Nf3 Be7 65. Kd3
Kxg2 66. Ke2 Kxh3 67. Kf2 g5 68. Kg1 Kg3 69. Nd2 g4 70. Nc4 h5 71. Ne5 Bf6 72.
Nd3 h4 73. Nf2 Bd4 74. Kh1 Kxf2 0-1

[Event "NK Senioren en Veteranen 2019"]
[Site "Dieren, Netherlands"]
[Date "2019.07.17"]
[Round "5"]
[White "Van den Berg, Ad"]
[Black "Perrenet, Jacob"]
[Result "1-0"]
[WhiteElo "2170"]
[BlackElo "2002"]
[PlyCount "70"]
[EventDate "2019.??.??"]

1. e4 Nc6 2. Nc3 Nf6 3. d4 d6 4. Nf3 Bg4 5. Bb5 a6 6. Bxc6+ bxc6 7. h3 Bc8 8.
O-O e6 9. e5 Nd7 10. Ne4 Bb7 11. Bg5 f6 12. exf6 gxf6 13. Bh4 Qe7 14. Re1 O-O-O
15. b4 Rg8 16. c4 Qg7 17. g3 Be7 18. c5 f5 19. Bxe7 Qxe7 20. Ned2 f4 21. Kh2
Nf6 22. Qe2 Rde8 23. Nc4 Qg7 24. Rg1 Qh6 25. cxd6 c5 26. d7+ Kxd7 27. dxc5 Bd5
28. Nce5+ Ke7 29. Rad1 fxg3+ 30. fxg3 Ne4 31. Rd4 Rxg3 32. Rxg3 Nxg3 33. Kxg3
Rg8+ 34. Ng4 Qh5 35. Rf4 Rf8 1-0

[Event "NK Senioren en Veteranen 2019"]
[Site "Dieren, Netherlands"]
[Date "2019.07.17"]
[Round "5"]
[White "Sprinkhuizen, Arno"]
[Black "Etmans, Maarten"]
[Result "1/2-1/2"]
[WhiteElo "1988"]
[BlackElo "2032"]
[PlyCount "81"]
[EventDate "2019.??.??"]

1. e4 g6 2. d4 c6 3. Nf3 d5 4. e5 Bg4 5. Be2 e6 6. Bg5 Qb6 7. Nbd2 h6 8. Be3 c5
9. dxc5 Bxc5 10. Bxc5 Qxc5 11. O-O Bxf3 12. Nxf3 Nc6 13. a3 Nge7 14. Qd3 O-O
15. b4 Qb6 16. c4 dxc4 17. Qxc4 Rad8 18. Rfd1 Nf5 19. Qf4 Ncd4 20. Bd3 Rd5 21.
Nd2 Qd8 22. Ne4 g5 23. Qg4 Rxe5 24. f4 Rxe4 25. Bxe4 Ne3 26. Qh5 Nxd1 27. Rxd1
Qb6 28. fxg5 Nf3+ 29. Kh1 Nxg5 30. Bb1 Rd8 31. Rf1 Qb5 32. Rg1 Qc4 33. Qxh6 Rd5
34. Re1 Re5 35. Rd1 Rd5 36. Re1 Qc3 37. Rf1 Qc4 38. Rg1 Qg4 39. h3 Qe2 40. h4
Ne4 41. Bxe4 1/2-1/2

[Event "NK Senioren en Veteranen 2019"]
[Site "Dieren, Netherlands"]
[Date "2019.07.18"]
[Round "6"]
[White "Homs, Guust"]
[Black "Van Rijn, Anton"]
[Result "1/2-1/2"]
[WhiteElo "2203"]
[BlackElo "2205"]
[PlyCount "33"]
[EventDate "2019.??.??"]

1. e4 d6 2. d4 g6 3. c3 Bg7 4. Nf3 Nf6 5. Bd3 O-O 6. h3 Nc6 7. O-O e5 8. Re1 a6
9. Bg5 h6 10. Be3 exd4 11. cxd4 Nb4 12. Nc3 Nxd3 13. Qxd3 Re8 14. Rad1 Be6 15.
Bf4 Rc8 16. Bh2 d5 17. Nd2 1/2-1/2

[Event "NK Senioren en Veteranen 2019"]
[Site "Dieren, Netherlands"]
[Date "2019.07.18"]
[Round "6"]
[White "Schouten, Nico"]
[Black "Van Lanen, Toon"]
[Result "1/2-1/2"]
[WhiteElo "2103"]
[BlackElo "2165"]
[PlyCount "140"]
[EventDate "2019.??.??"]

1. d4 c5 2. dxc5 e6 3. a3 a5 4. e3 Nf6 5. Nf3 Bxc5 6. c4 O-O 7. Nc3 Qe7 8. Be2
d5 9. cxd5 Rd8 10. d6 Bxd6 11. Qc2 Bd7 12. O-O Nc6 13. Nb5 Bb8 14. e4 Rc8 15.
Nc3 Ne5 16. Bg5 b5 17. Rfd1 Nxf3+ 18. Bxf3 Be5 19. Qd3 Bc6 20. Nxb5 Bxb2 21.
Rab1 Be5 22. a4 h6 23. Be3 g5 24. g3 Kg7 25. Re1 Be8 26. Bd2 Rd8 27. Qe3 Ng8
28. Red1 Qf6 29. Bg2 Ne7 30. f4 gxf4 31. gxf4 Rxd2 32. Qxd2 Bxf4 33. Qc3 Be5
34. Qf3 Qh4 35. Qh3 Qg5 36. Kh1 Rc8 37. Nd6 Bxd6 38. Rxd6 Ng6 39. Qa3 Rc2 40.
Rg1 Bc6 41. Qd3 Bxa4 42. Qd4+ Qe5 43. Qxe5+ Nxe5 44. Ra6 Nc6 45. e5 Kf8 46. Ra1
Bb5 47. Rb6 Rc5 48. Kg1 Kg7 49. Rxb5 Rxb5 50. Bxc6 Rxe5 51. Kf2 Rc5 52. Bd7 Kf6
53. Ra3 Ke7 54. Ba4 Rh5 55. h3 Kd6 56. Be8 Ke7 57. Bc6 Rc5 58. Bf3 Kd6 59. Kg3
Rg5+ 60. Kf4 Kc7 61. Rb3 Rf5+ 62. Ke4 f6 63. h4 Rc5 64. Kd4 Rf5 65. Ke4 h5 66.
Ke3 Re5+ 67. Kf4 Rc5 68. Rb7+ Kd6 69. Rb6+ Kd7 70. Rb7+ Kd6 1/2-1/2

[Event "NK Senioren en Veteranen 2019"]
[Site "Dieren, Netherlands"]
[Date "2019.07.18"]
[Round "6"]
[White "Boersma, Jan"]
[Black "Huysman, Arie"]
[Result "1/2-1/2"]
[WhiteElo "2051"]
[BlackElo "1964"]
[PlyCount "33"]
[EventDate "2019.??.??"]

1. e4 e5 2. Nc3 Nf6 3. Nf3 Nc6 4. Bb5 Bb4 5. O-O O-O 6. d3 Bxc3 7. bxc3 d6 8.
Bg5 h6 9. Bh4 Bd7 10. Rb1 g5 11. Nxg5 Nxe4 12. dxe4 hxg5 13. Bg3 Kg7 14. Re1 a6
15. Bd3 Na5 16. Re3 b5 17. Be2 1/2-1/2

[Event "NK Senioren en Veteranen 2019"]
[Site "Dieren, Netherlands"]
[Date "2019.07.18"]
[Round "6"]
[White "Gielen, Wim"]
[Black "Houweling, Bert"]
[Result "0-1"]
[WhiteElo "1955"]
[BlackElo "2047"]
[PlyCount "60"]
[EventDate "2019.??.??"]

1. f4 c5 2. Nf3 Nc6 3. b3 Nf6 4. Bb2 d5 5. e3 g6 6. Bb5 Bd7 7. O-O Bg7 8. d3
O-O 9. Bxc6 Bxc6 10. Ne5 Rc8 11. Nd2 Be8 12. Qe2 Nd7 13. Ndf3 f6 14. Nxd7 Qxd7
15. Rae1 Bf7 16. e4 e6 17. e5 f5 18. c4 Rfd8 19. cxd5 Qxd5 20. d4 c4 21. bxc4
Rxc4 22. Ba3 Rdc8 23. Rc1 Be8 24. Rxc4 Rxc4 25. Qb2 Bh6 26. g3 Bc6 27. Be7 Kf7
28. Bf6 Bf8 29. h3 Rxd4 30. Kh2 Rd3 0-1